00501nam a2200181 a 4500001001300000003000900013005001700022008004100039020002300080082001700103100002200120245005400142260003300196300000900229500003500238650002400273700002200297nice12345678IN_TiNIC20260116014332.0100105s2010 dela grp 000 0 eng  a9788178845500c85000a294.030bBHA aBhardwal, Monohar aEnccyclopaedia of Hindu Civilization Then and Now aDelhi bCyber Techpub c2010 a272p aincludes index and biblioraphy aEncyclopaedia Hindu1 aBhardwal, Monohar